000 00391nam a2200157Ia 4500
008 230917s9999||||xx |||||||||||||| ||und||
040 _e102508
_aMAIN
041 _aEnglish
082 _a658.3 M311M
100 _aMamoria, C B
245 0 _aDynamics of industrial relations
250 _a14th ed.
260 _aDelhi
_bHimalaya Publishing House
_c2003
300 _a891 p.
942 _cBK
999 _c111178
_d111178